BUBT Library Online Catalog

Handbook of Technical Textiles (Vol-2) (Record no. 5445)

000 -LEADER
fixed length control field 00603nam a22001937a 4500
003 - CONTROL NUMBER IDENTIFIER
control field BUBTL
008 - FIXED-LENGTH DATA ELEMENTS--GENERAL INFORMATION
fixed length control field 170515b xxu||||| |||| 00| 0 eng d
020 ## - INTERNATIONAL STANDARD BOOK NUMBER
International Standard Book Number 978-1-78242-465-9
082 ## - DEWEY DECIMAL CLASSIFICATION NUMBER
Classification number 677HOH
100 ## - MAIN ENTRY--PERSONAL NAME
9 (RLIN) 1188
Personal name Horrocks,A.Richard/ Anand,Subhash C.
245 ## - TITLE STATEMENT
Title Handbook of Technical Textiles (Vol-2)
Remainder of title Technical Textile Applications
260 ## - PUBLICATION, DISTRIBUTION, ETC. (IMPRINT)
Place of publication, distribution, etc. Amsterdam
Name of publisher, distributor, etc. Elsevier
Date of publication, distribution, etc. c2016
300 ## - PHYSICAL DESCRIPTION
Extent [xx],430p.
Dimensions 21cm.
650 #0 - SUBJECT ADDED ENTRY--TOPICAL TERM
9 (RLIN) 909
Topical term or geographic name as entry element Textile Engineering
700 ## - ADDED ENTRY--PERSONAL NAME
9 (RLIN) 1189
Personal name Horrocks,A.Richard/ Anand,Subhash C.
856 ## - ELECTRONIC LOCATION AND ACCESS
Password 0
Logon 0
Link text Download
942 ## - ADDED ENTRY ELEMENTS (KOHA)
Source of classification or shelving scheme
Koha item type Books
Holdings
Withdrawn status Lost status Source of classification or shelving scheme Damaged status Not for loan Collection code Permanent location Current location Shelving location Date acquired Inventory number Total Checkouts Full call number Barcode Date last seen Copy number Price effective from Koha item type Date last checked out Total Renewals
        Not For Loan Non-fiction Bangladesh University of Business and Technology Library Bangladesh University of Business and Technology Library Textile Engineering Stacks 05/03/2017 24182   677HOH BUBTL-200324182 05/15/2017 C-1 05/15/2017 Books    
          Non-fiction Bangladesh University of Business and Technology Library Bangladesh University of Business and Technology Library Textile Engineering Stacks 05/03/2017 24183   677HOH BUBTL-200324183 05/15/2017 C-2 05/15/2017 Books    
          Non-fiction Bangladesh University of Business and Technology Library Bangladesh University of Business and Technology Library Textile Engineering Stacks 05/03/2017 24184   677HOH BUBTL-200324184 05/15/2017 C-3 05/15/2017 Books    
          Non-fiction Bangladesh University of Business and Technology Library Bangladesh University of Business and Technology Library Textile Engineering Stacks 05/03/2017 24185 1 677HOH BUBTL-200324185 08/31/2021 C-4 05/15/2017 Books 08/25/2021  
          Non-fiction Bangladesh University of Business and Technology Library Bangladesh University of Business and Technology Library Textile Engineering Stacks 05/03/2017 24186 1 677HOH BUBTL-200324186 12/26/2021 C-5 05/15/2017 Books 10/03/2021 1

More Information About Library

Library Hours

  • Open: 9.00 am. to 9.00 pm.
  • Only Sunday: 9.00 am. to 6.00 pm.
  • Closed: Holiday

Contact to the University

Bangladesh University of Business and Technology Library

  • Mirpurl-2, 1216.
  • Phone:
  • Fax:
  • E-Mail: admin.library@bubt.edu.bd

Contact to the Library

Contact Person:

Md. Abdul Hakim Shah
Joint Librarian
PABX No:  113
Cell No: 01816332931
E-mail: official: admin.library@bubt.edu.bd
Personal: hakim.shah@bubt.edu.bd


BUBT Library

Copyright © 2021